[Event "54th Ilmar Raud Memorial"]
[Site "Viljandi"]
[Date "2020.07.07"]
[Round "2.8"]
[White "Pedoson, Georg Aleksander"]
[Black "Sepp, Olav"]
[Result "0-1"]
[WhiteElo "2189"]
[BlackElo "2410"]
[PlyCount "50"]
[EventDate "2020.??.??"]

1. c4 Nf6 2. Nc3 g6 3. g3 Bg7 4. Bg2 O-O 5. e4 d6 6. Nge2 c5 7. O-O Nc6 8. a3
Ne8 {[%cal Re8c7,Rc7e6,Rc6d4,Re6d4]} 9. Rb1 a5 10. d3 Nc7 11. Be3 Ne6 12. Nb5
Bd7 (12... Ned4 13. Nec3 Bd7 14. a4 Nb4 15. Kh1 Rb8 16. Nd5 e6 17. Ndc3 Bc6 18.
Qd2 Qd7 19. f4 f5 20. Rbd1 Rbe8 21. Bg1 e5 22. fxe5 dxe5 23. Nd5 Nxd5 24. Nxd4
exd4 25. exd5 Bxa4 26. Rb1 Bb3 27. Qxa5 Bc2 28. Qxc5 Bxd3 29. d6 Bxb1 30. Rxb1
f4 31. Qd5+ Kh8 32. gxf4 Rxf4 33. c5 Rf5 34. Qc4 Rc8 35. Bxd4 Qxd6 36. Bg1
Rfxc5 37. Bxc5 Qxc5 {1/2 (37) Ye,R (2475)-Rytshagov,M (2495) Soest 1996}) 13.
h3 Ncd4 14. b4 (14. Nec3 Nxb5 (14... a4 15. Nxa4 Nxb5 16. cxb5 Bxb5 17. Nc3 Bc6
) 15. Nxb5 Bxb5 16. cxb5 a4 17. e5 Qb6 18. exd6 exd6 19. b4 axb3 20. Qxb3 Nd4)
14... Bxb5 15. cxb5 cxb4 16. axb4 a4 17. Nc3 a3 18. Qd2 Qd7 19. b6 Rfc8 20.
Rfc1 Nb5 (20... Rxc3 21. Rxc3 Ne2+ 22. Qxe2 Bxc3 23. Qa2 Nd4) 21. Na2 (21. Nxb5
a2 22. Na7 Rxc1+ 23. Rxc1 a1=Q 24. Rxa1 Bxa1) 21... Ned4 22. Kh1 Rxc1+ 23. Nxc1
Rc8 24. Bxd4 Bxd4 25. Nb3 Bc3 0-1

[Event "54th Ilmar Raud Memorial"]
[Site "Viljandi"]
[Date "2020.07.07"]
[Round "2.9"]
[White "Köykkä, Pekka"]
[Black "Jazdanovs, Aleksandrs"]
[Result "0-1"]
[WhiteElo "2392"]
[BlackElo "2183"]
[PlyCount "100"]
[EventDate "2020.??.??"]

1. d4 Nf6 2. Bf4 c5 3. e3 g6 4. Nc3 cxd4 5. exd4 Bg7 6. Qd2 d5 7. Nf3 Nc6 8.
Bb5 O-O 9. O-O Ne4 10. Qe3 Nxd4 11. Nxd4 e5 12. Bxe5 Bxe5 13. Rad1 Nxc3 14.
Qxc3 Qb6 15. Ba4 Bg4 16. f3 Rac8 17. Qe3 Bg7 18. Bb3 Bd7 19. Qf2 a5 20. c3 Bc6
21. Nc2 Qxf2+ 22. Rxf2 Bh6 23. f4 a4 24. Bxd5 Rfd8 25. Ne3 Bf8 26. Bxc6 Rxd1+
27. Nxd1 Rxc6 28. Rd2 Bc5+ 29. Kf1 b6 30. Rd8+ Kg7 31. g3 h5 32. Rd3 b5 33. a3
Kf6 34. Ne3 Ke6 35. Nc2 Kf5 36. Kg2 Ke4 37. Rd7 Rd6 38. Rxd6 Bxd6 39. Nd4 b4
40. Nb5 bxa3 41. Nxd6+ Kd5 42. bxa3 Kxd6 43. Kf3 Kd5 44. Ke3 Kc4 45. Kd2 Kb3
46. h3 Kxa3 47. Kc2 f6 48. g4 h4 49. g5 f5 50. Kd3 Kb3 0-1

[Event "54th Ilmar Raud Memorial"]
[Site "Viljandi"]
[Date "2020.07.07"]
[Round "2.10"]
[White "Sinitsõna, Anastassia"]
[Black "Shishkov, Andrei"]
[Result "0-1"]
[WhiteElo "2138"]
[BlackElo "2390"]
[PlyCount "88"]
[EventDate "2020.??.??"]

1. Nf3 Nf6 2. c4 e6 3. g3 d5 4. Bg2 dxc4 5. Qa4+ Nbd7 6. Qxc4 c5 7. O-O a6 8.
Qb3 Bd6 9. d4 O-O 10. Rd1 Qc7 11. Nc3 b5 12. e4 (12. Ng5 Bb7 13. d5 c4 (13...
exd5 14. Nxd5 Nxd5 15. Bxd5) 14. Qc2 exd5 15. Nxd5 Bxd5 16. Bxd5 Rae8 17. Bg2
Nc5 18. b3 h6 19. Nh3 Nce4 20. bxc4 Qxc4 21. Qxc4 bxc4 22. Be3 Ba3 23. Bc1 Bd6
24. Bb2 c3 25. Bxc3 Nxc3 26. Rxd6 Nxe2+ 27. Kf1 Re7 28. Bf3 Ne4 29. Bxe4 Rxe4
30. Rxa6 f5 31. Re1 Rfe8 32. Rd1 f4 33. Kg2 g5 34. Rg6+ Kf7 35. Rxh6 f3+ 36.
Kf1 Kg7 37. Rc6 g4 38. Ng5 R4e5 39. Rd7+ R8e7 40. Rxe7+ Rxe7 41. Rc4 Kg6 42.
Rxg4 {1-0 (42) Artemiev,V (2673)-Moskalenko,A (2442) Moscow 2016}) 12... c4 13.
Qc2 e5 14. dxe5 Nxe5 15. Rxd6 Qxd6 (15... Nxf3+ 16. Bxf3 Qxd6 17. Bf4 (17. e5
Qxe5 18. Bxa8 Bf5) 17... Qc6 18. Bg2 Bb7) 16. Nxe5 Qxe5 17. Bf4 Qh5 18. e5 Bf5
19. Qc1 Nd7 20. Bxa8 Rxa8 {[%csl Rd3,Re6,Rf3,Rg6,Rh3][%cal Rb7h1,Rd7c5,Rc5d3]}
21. Qe3 Re8 22. f3 g5 $1 23. Bxg5 Nxe5 (23... Rxe5 24. Qf4 (24. Ne4 Bxe4 25.
fxe4 Qxg5) 24... Bh3 25. Bd8 Rf5) 24. Rf1 f6 {[%cal Rh5e8]} 25. Bxf6 Bh3 26.
Bxe5 (26. Qf2) (26. Rf2 Nxf3+ 27. Qxf3 Re1+ 28. Rf1 Qxf3) 26... Bxf1 27. f4 Bh3
28. Qa7 Qf7 29. Qd4 Qd7 30. Nd5 Kf7 31. Qe4 (31. Qd1 Bg4 (31... Qa7+ 32. Bd4 (
32. Kh1 Bf5 33. Qh5+ Bg6 34. Qf3 Qd7 35. Kg2 Rd8 36. Ne3 Qd2+ 37. Kh3 Qd3 38.
g4 Be4 39. Qf2 Qd2) 32... Bg4) 32. Qd4 Rd8 33. Qb6 Qxd5 34. Qf6+ Ke8 35. Qh8+
Kd7 36. Qxh7+ Ke8 37. Qh8+ Kf7 38. Qf6+) (31. Qb6 Re6) 31... Qf5 32. Qxf5+ Bxf5
33. Nc7 Rd8 34. Nxa6 Rd2 35. Bc3 Re2 36. h4 Kg6 37. Nc7 b4 38. Bxb4 Rxb2 39.
Nd5 Rxa2 40. Bc3 Be4 41. f5+ Kxf5 42. Ne3+ Ke6 43. Nxc4 Rg2+ (43... Rc2 44. Nd2
) 44. Kf1 Rc2 {[%cal Rc4d2,Re4d3,Rc2c3]} 0-1

[Event "54th Ilmar Raud Memorial"]
[Site "Viljandi"]
[Date "2020.07.07"]
[Round "2.11"]
[White "Narva, Triin"]
[Black "Pohjala, Henri"]
[Result "0-1"]
[WhiteElo "2107"]
[BlackElo "2358"]
[PlyCount "36"]
[EventDate "2020.??.??"]

1. e4 d6 2. d4 Nf6 3. Nc3 Nbd7 4. f4 e5 5. Nf3 exd4 6. Qxd4 (6. Nxd4) 6... c6
7. a4 (7. Be3 {[%cal Re1c1]} d5 8. O-O-O c5 9. Qa4 d4 10. Nxd4 cxd4 11. Bxd4
Be7 12. e5 Ng4 13. h3 Nh6 14. e6 fxe6 15. Bxg7) (7. Bc4 b5 8. Bb3 c5 {[%cal
Rc5c4]}) 7... d5 $1 {[%cal Rf8c5]} 8. exd5 (8. e5 Bc5 9. Qd2 Ng4 10. h3 Nf2 11.
Rh2 d4 12. Nxd4 Nxe5 13. Nf3 Nxf3+ 14. gxf3 Qh4 15. Rxf2 O-O 16. Ne4 Re8 17. b4
Bxf2+ (17... Bf8 18. Bb2 f5 19. Bd3 fxe4 20. fxe4 Qh5 21. Be2 Qxh3 22. O-O-O
Rxe4) 18. Qxf2 Qh6 19. Be3 {[%csl Re4,Rf3,Rf4][%cal Re4g5,Rf3e4]}) 8... Bc5 9.
Qd1 O-O 10. Be2 Re8 11. Qd3 Ng4 12. Nd1 a5 13. Ng5 (13. h3 Ngf6 {[%cal Rf6e4,
Rf6h5,Rh5g3,Rf6d5]}) 13... Ngf6 14. Nf2 Qe7 15. Bd2 cxd5 16. Rf1 b6 17. c4 dxc4
18. Qf3 Bb7 0-1

[Event "54th Ilmar Raud Memorial"]
[Site "Viljandi"]
[Date "2020.07.07"]
[Round "2.12"]
[White "Olde, Grete"]
[Black "Chukavin, Kirill"]
[Result "0-1"]
[WhiteElo "2046"]
[BlackElo "2345"]
[PlyCount "92"]
[EventDate "2020.??.??"]

1. e4 c5 2. Nc3 e6 3. g3 d5 4. d3 Nc6 5. Bg2 d4 6. Nce2 e5 7. f4 Bd6 8. Nf3
Nge7 9. O-O f6 10. f5 a6 11. g4 h6 12. Ng3 b5 13. h4 Kd7 14. h5 Qb6 15. a4 Bb7
16. Nd2 Na5 17. b3 c4 18. bxc4 bxc4 19. Nxc4 Nxc4 20. dxc4 Rhc8 21. Rf3 Rxc4
22. Rb3 Qa7 23. Qd3 Rac8 24. Rab1 Ba8 25. Bd2 Rxc2 26. Bf1 Ra2 27. Rb6 Rc6 28.
a5 Bc5 29. Rb8 Bd6 30. R8b6 Nc8 31. Rxc6 Bxc6 32. Be1 Qc5 33. Rd1 Ba4 34. Rb1
Bb5 35. Qf3 Ra3 36. Qf2 Qc6 37. Qb2 Bxf1 38. Kxf1 Qc4+ 39. Kg1 Ra2 40. Qb7+ Bc7
41. Rd1 Nd6 42. Qa8 Qb3 43. Qd5 Qxd1 44. Qe6+ Kd8 45. Qg8+ Ne8 46. Qd5+ Bd6 0-1

[Event "54th Ilmar Raud Memorial"]
[Site "Viljandi"]
[Date "2020.07.07"]
[Round "2.14"]
[White "Narva, Mai"]
[Black "Timoshin, Andrei"]
[Result "0-1"]
[WhiteElo "2333"]
[BlackElo "2132"]
[PlyCount "180"]
[EventDate "2020.??.??"]

1. e4 c5 2. Nc3 Nc6 3. Bb5 Nd4 4. Bc4 g6 5. Nf3 Bg7 6. Nxd4 cxd4 7. Qf3 e6 8.
Nb5 d5 9. exd5 exd5 (9... a6 10. dxe6 fxe6 11. Na3 Nf6) 10. Bxd5 (10. Qxd5)
10... Nf6 11. Qe2+ Kf8 12. Bf3 Bf5 13. O-O a6 14. Na3 d3 15. Qe3 dxc2 16. Nxc2
Qc7 17. Qa3+ Kg8 18. Ne3 Be6 19. d4 Rd8 20. d5 $1 Nxd5 21. Nxd5 Bxd5 22. Bg5 f6
(22... Rd7 23. Rac1 Qb8 24. Bxd5 Rxd5 25. Rfd1 Bf8) 23. Rac1 (23. Bxd5+ Rxd5
24. Rac1) 23... Qe5 24. Rfd1 (24. Qa5) 24... h6 25. Bxd5+ Kh7 26. f4 Qf5 27.
Bxf6 Qxf6 28. Bxb7 Qb6+ 29. Kh1 Qxb7 30. f5 gxf5 31. Rf1 Rhf8 32. Qg3 Rd7 33.
b3 Rdf7 34. Rc4 f4 35. Qd3+ Kh8 36. Qf3 Qxf3 37. Rxf3 Rd8 38. h4 Rd4 39. Rc6 a5
40. Ra6 Rf5 41. Kh2 Kh7 42. Kh3 Rfd5 43. Ra7 Kg6 44. g3 Be5 45. gxf4 Bxf4 46.
Ra8 Rd3 (46... Bd6) 47. Rxd3 Rxd3+ 48. Kg4 Bd2 49. Ra6+ Kf7 50. h5 Rd5 51. Kh4
Ke7 52. Kg4 Rg5+ 53. Kh4 Be1+ 54. Kh3 Rxh5+ 55. Kg4 Rg5+ 56. Kf3 h5 57. a3 Kf7
58. Rb6 Kg7 (58... h4) 59. b4 axb4 60. Rb7+ Kf6 61. Rb6+ Ke7 62. axb4 Kd7 63.
b5 Kc7 64. Re6 Bg3 65. Rh6 Kb7 (65... Bh4) (65... h4) 66. b6 Be5 67. Ke4 Bg7
68. Rh7 Kxb6 69. Kf4 Rg4+ 70. Kf5 Rg1 71. Rxh5 Bd4 72. Ke6 Kc6 73. Rh7 Re1+ 74.
Kf5 Bc5 75. Rh3 Kd5 76. Kf4 Bd6+ 77. Kf3 Ra1 78. Rh8 Ra3+ 79. Ke2 Ke4 80. Kd2
Ra2+ 81. Kc1 Be5 82. Rh3 Bd4 83. Rb3 Rh2 84. Kd1 Be3 85. Ra3 Rd2+ 86. Ke1 Kf3
87. Ra8 (87. Rb3) (87. Rc3) 87... Rd3 88. Rf8+ Bf4 89. Rf7 Rd8 90. Rf6 (90. Rf5
Re8+ 91. Kd1 Rc8) 90... Rc8 0-1

[Event "54th Ilmar Raud Memorial"]
[Site "Viljandi"]
[Date "2020.07.07"]
[Round "2.15"]
[White "Haitin, Ilja"]
[Black "Pedmanson, Albert"]
[Result "1-0"]
[WhiteElo "2357"]
[BlackElo "1786"]
[PlyCount "77"]
[EventDate "2020.??.??"]

1. d4 d5 2. c4 e6 3. Nf3 Nf6 4. g3 b6 5. Bg2 Bb7 6. O-O Be7 7. Ne5 O-O 8. Nc3
Nbd7 9. Qa4 c5 10. Nxd7 Qxd7 11. Qxd7 Nxd7 12. dxc5 Nxc5 13. cxd5 exd5 14. Bxd5
Rfd8 15. Bxb7 Nxb7 16. Be3 Bf6 17. Rac1 Nd6 18. Bf4 Nf5 19. g4 Nd4 20. Be3 Rac8
21. Kg2 Rc4 22. Ne4 Nc2 23. Nxf6+ gxf6 24. Bh6 Rxg4+ 25. Kh3 Rg6 26. Bf4 Nd4
27. Rfd1 Rd5 28. Bg3 Rh5+ 29. Kg2 Nxe2 30. Rc7 h6 31. Rd8+ Kg7 32. Rdd7 f5 33.
Rxf7+ Kh8 34. Rh7+ Kg8 35. Rhe7 Nf4+ 36. Kf3 Ne6 37. Rc8+ Nf8 38. Ree8 Rf6 39.
Be5 1-0

[Event "54th Ilmar Raud Memorial"]
[Site "Viljandi"]
[Date "2020.07.07"]
[Round "2"]
[White "Protassov, Vlad"]
[Black "Uibokant, Mathias Robert"]
[Result "1/2-1/2"]
[WhiteElo "1916"]
[BlackElo "2050"]
[PlyCount "51"]
[EventDate "2020.??.??"]

1. d4 e6 2. c4 Nf6 3. g3 d5 4. Nf3 Be7 5. Bg2 O-O 6. O-O b6 7. Nc3 Bb7 8. Ne5
Nbd7 9. cxd5 Nxd5 10. Nxd5 exd5 11. Nd3 Nf6 12. b4 Ne4 13. Qb3 a5 14. b5 a4 15.
Qc2 Nd6 16. Rb1 Ra5 17. Bd2 Rxb5 18. Rxb5 Nxb5 19. Qxa4 Nd6 20. Rc1 Nc4 21. Bb4
c6 22. e3 Qc7 23. Bxe7 Qxe7 24. Qb3 Ra8 25. a4 Qd8 26. h4 1/2-1/2

[Event "54th Ilmar Raud Memorial"]
[Site "Viljandi"]
[Date "2020.07.07"]
[Round "2.18"]
[White "Kiik, Kalle"]
[Black "Staub, Madis"]
[Result "1-0"]
[WhiteElo "2386"]
[BlackElo "1715"]
[PlyCount "47"]
[EventDate "2020.??.??"]

1. e4 e5 2. Nf3 Nc6 3. Nc3 Be7 4. d4 exd4 5. Nxd4 Bf6 6. Be3 Nge7 7. Qd2 a6 8.
O-O-O O-O 9. f4 d6 10. Rg1 Bg4 11. Nf3 b5 12. h3 Bxc3 13. Qxc3 b4 14. Qd2 Bd7
15. f5 f6 16. g4 Qb8 17. g5 Ne5 18. gxf6 Nxf3 19. Rxg7+ Kh8 20. Qg2 Rg8 21.
Qxf3 Rxg7 22. fxg7+ Kg8 23. Bc4+ d5 24. Rxd5 1-0

[Event "54th Ilmar Raud Memorial"]
[Site "Viljandi"]
[Date "2020.07.07"]
[Round "2.19"]
[White "Krivenko, Dion"]
[Black "Tolmacevs, Artjoms"]
[Result "1-0"]
[WhiteElo "2046"]
[BlackElo "1644"]
[PlyCount "113"]
[EventDate "2020.??.??"]

1. e4 c5 2. a3 e5 3. Nf3 d6 4. b4 b6 5. Nc3 Be6 6. Bb5+ Nd7 7. O-O Be7 8. h3 a6
9. Bc6 Rb8 10. Qe2 Qc7 11. Bd5 Ngf6 12. Bxe6 fxe6 13. Ng5 Nf8 14. bxc5 bxc5 15.
Qxa6 h6 16. Nf3 Ng6 17. d3 O-O 18. Nh2 Qd7 19. Qa4 Qd8 20. f4 exf4 21. Bxf4
Nxf4 22. Rxf4 d5 23. e5 Nd7 24. Rxf8+ Bxf8 25. Qg4 Rb6 26. Nf3 Qc7 27. Qf4 g5
28. Qg3 Bg7 29. Re1 d4 30. Ne4 Nxe5 31. Nxe5 Bxe5 32. Nf6+ Kf7 33. Rxe5 Rb1+
34. Kh2 Qb8 35. Ne4 Ke7 36. Rxc5 Qb6 37. Qc7+ Qxc7+ 38. Rxc7+ Kf8 39. a4 Ra1
40. Ra7 h5 41. Nxg5 Ke8 42. a5 h4 43. Nf3 e5 44. Nxe5 Kd8 45. Nf3 Kc8 46. Nxd4
Kb8 47. Rh7 Kc8 48. Rxh4 Rxa5 49. Nb3 Rg5 50. Re4 Kb7 51. h4 Rg8 52. Kh3 Kb6
53. h5 Kb5 54. g4 Rh8 55. Kh4 Rf8 56. Nd4+ Kc5 57. Nf5 1-0

[Event "54th Ilmar Raud Memorial"]
[Site "Viljandi"]
[Date "2020.07.07"]
[Round "2.20"]
[White "Vingris, Mikelis"]
[Black "Tsõganova, Monika"]
[Result "0-1"]
[WhiteElo "1641"]
[BlackElo "2029"]
[PlyCount "60"]
[EventDate "2020.??.??"]

1. d4 Nf6 2. c4 e6 3. Nc3 Bb4 4. Qc2 d5 5. Bg5 h6 6. Bh4 c5 7. cxd5 exd5 8.
dxc5 O-O 9. e3 Nc6 10. Nf3 Bxc5 11. Be2 d4 12. Rd1 Bg4 13. Nxd4 Nxd4 14. exd4
Bxe2 15. Nxe2 Bb4+ 16. Kf1 Re8 17. Kg1 Qe7 18. Kf1 Rac8 19. Qd3 Qe4 20. Qxe4
Nxe4 21. f3 Nd2+ 22. Kf2 Rc2 23. a3 Nc4 24. axb4 Rexe2+ 25. Kg3 g5 26. d5 Nd6
27. Rhe1 Rxg2+ 28. Kh3 Rxh2+ 29. Kg4 Rxh4+ 30. Kg3 Nf5# 0-1

[Event "54th Ilmar Raud Memorial"]
[Site "Viljandi"]
[Date "2020.07.07"]
[Round "2.21"]
[White "Bondarenko, Dmitri"]
[Black "Uibokant, Karl Oskar"]
[Result "1-0"]
[WhiteElo "1944"]
[BlackElo "1622"]
[PlyCount "101"]
[EventDate "2020.??.??"]

1. d4 d5 2. Bg5 h6 3. Bh4 Bf5 4. e3 Nf6 5. Bxf6 gxf6 6. Bd3 Qd7 7. Ne2 Rg8 8.
Bxf5 Qxf5 9. Ng3 Qd7 10. Qd3 Nc6 11. c3 O-O-O 12. Nd2 e5 13. Qf5 Qxf5 14. Nxf5
Rg5 15. Nh4 Rg4 16. g3 Re8 17. O-O-O Re6 18. h3 Rg8 19. c4 Nb4 20. cxd5 Ra6 21.
Nc4 e4 22. Kb1 Rg5 23. a3 Nd3 24. Rxd3 exd3 25. e4 c6 26. Nf3 Rg8 27. Ne3 Bd6
28. Rd1 Re8 29. Nf5 Bf8 30. dxc6 Rxc6 31. Nd2 Kd7 32. f3 Rec8 33. Nb3 Rc2 34.
Rxd3 Rh2 35. Nc5+ Bxc5 36. dxc5+ Kc7 37. h4 Rd8 38. Nd6 Kc6 39. b4 b5 40. Rd5
Rg2 41. g4 a5 42. bxa5 Ra8 43. Nxf7 Rxa5 44. Nd8+ Kc7 45. Ne6+ Kc6 (45... Kb7
46. Rd7+ Kb8 47. c6 Rxa3 48. c7+ Kb7 49. Rd8 Rb3+ 50. Kc1 Rc3+ 51. Kd1 Rcc2 52.
Rb8+ Ka7 53. c8=Q Rgd2+ 54. Ke1 Re2+) 46. Rd6+ Kb7 47. c6+ Ka7 48. c7 Rg1+ 49.
Kb2 Rg2+ 50. Kb3 b4 51. c8=Q 1-0

[Event "54th Ilmar Raud Memorial"]
[Site "Viljandi"]
[Date "2020.07.07"]
[Round "2.22"]
[White "Sepandi, Jaak"]
[Black "Rychagov, Nikita"]
[Result "0-1"]
[WhiteElo "1583"]
[BlackElo "1943"]
[PlyCount "86"]
[EventDate "2020.??.??"]

1. c4 e6 2. e4 d5 3. exd5 exd5 4. d4 Nf6 5. Nc3 Nc6 6. Nf3 Bg4 7. cxd5 Nxd5 8.
Be2 Bb4 9. Qd3 Qd7 10. O-O O-O-O 11. Nxd5 Qxd5 12. Be3 Ba5 13. Rfd1 Bb6 14. h3
Bh5 15. a3 f6 16. Rd2 Na5 17. Bd1 c5 (17... Bf7 $15) 18. b4 cxb4 19. axb4 Nc6
20. Qc3 (20. Bb3 Qd7 (20... Qd6 21. Qf5+ Rd7 22. Qxh5) 21. d5 Bxf3 22. Bxb6
axb6 23. Qxf3 Ne5 24. Qc3+ Qc7 25. Qg3 {[%cal Rd2c2,Ra1a8]} Kb8 26. Rda2 Qd7 (
26... Qd6 27. Qxg7) 27. Qc3) 20... Kb8 21. Bb3 Qb5 22. d5 Bxf3 23. Bxb6 Qxb6
24. dxc6 Bxc6 25. Ba4 Bxa4 26. Rxa4 Rxd2 27. Qxd2 Rd8 28. Qe2 Qd4 29. Qa2 Qf4
30. g3 Qf3 31. Kh2 Rd1 32. Qg8+ Kc7 33. Qf7+ Kb6 34. Qe6+ Qc6 (34... Kb5 35.
Qe8+) 35. Qe3+ Kc7 36. Qe7+ Rd7 37. Qc5 Qxc5 38. bxc5 a6 39. Kg2 Kc6 40. Rc4
Rd5 41. Re4 Re5 42. Rd4 Rxc5 43. Ra4 h5 0-1

[Event "54th Ilmar Raud Memorial"]
[Site "Viljandi"]
[Date "2020.07.07"]
[Round "2.23"]
[White "Sirp, Karl Aleksander"]
[Black "Liebert, Robin"]
[Result "1-0"]
[WhiteElo "1924"]
[BlackElo "1409"]
[PlyCount "99"]
[EventDate "2020.??.??"]

1. d4 d5 2. Bf4 Nf6 3. e3 e6 4. Bd3 Be7 5. Nf3 b6 6. Nbd2 Nbd7 7. c3 Bb7 8. Ne5
Nxe5 9. dxe5 Ne4 10. O-O O-O 11. Nxe4 dxe4 12. Bc4 Qxd1 13. Rfxd1 Rad8 14. Kf1
Rxd1+ 15. Rxd1 Rd8 16. Rb1 c6 17. a4 a6 18. Ke1 b5 19. Be2 b4 20. Bc4 a5 21. f3
c5 22. Ke2 h6 23. Bg3 Kh7 24. Rf1 g6 25. fxe4 Kg7 26. Kf3 Rd2 27. Rf2 Rxf2+ 28.
Bxf2 Bc6 29. b3 bxc3 30. Be1 f5 31. Bxc3 Bxe4+ 32. Kf2 Bd8 33. Bxe6 Bc6 34. g3
Kf8 35. Ke2 Bb7 36. Kd3 Ba6+ 37. Bc4 Bb7 38. Kd2 Bc7 39. Ke2 Bd8 40. Kf2 Bc8
41. Bd5 Ba6 42. e4 Bc8 43. exf5 gxf5 44. Kf3 Ke7 45. Bd2 h5 46. Bg5+ Ke8 47.
Bc6+ Bd7 48. Bxd7+ Kxd7 49. Bxd8 Kxd8 50. Kf4 1-0

[Event "54th Ilmar Raud Memorial"]
[Site "Viljandi"]
[Date "2020.07.07"]
[Round "2.24"]
[White "Ivanova, Lidia"]
[Black "Obolonin, Filipp"]
[Result "1-0"]
[WhiteElo "1430"]
[BlackElo "1922"]
[PlyCount "71"]
[EventDate "2020.??.??"]

1. e4 c6 2. d4 d5 3. Nd2 g6 4. Ngf3 Bg4 5. Be2 Nd7 6. h3 Bxf3 7. Bxf3 e6 8. O-O
Bg7 9. c3 Ne7 10. Re1 O-O 11. Nf1 a5 12. Bg5 Re8 13. e5 Qb6 14. Qd2 c5 15. Ng3
Nc6 16. Ne2 Bf8 17. a3 Qc7 18. Bh6 b5 19. Bxf8 Rxf8 20. Bg4 a4 21. f4 Na5 22.
Qd3 Rfb8 23. h4 Nb3 24. Rab1 b4 25. h5 bxa3 26. bxa3 c4 27. Qg3 Nf8 28. f5 gxf5
29. Bxf5+ Kh8 30. Bc2 Qe7 31. Qf4 Ra7 32. Rf1 Rd8 33. Rf3 f5 34. exf6 Qxa3 35.
f7 Qe7 36. Qe5+ 1-0

[Event "54th Ilmar Raud Memorial"]
[Site "Viljandi"]
[Date "2020.07.07"]
[Round "2.25"]
[White "Tomson, Mikk"]
[Black "Tõnso, Liina"]
[Result "1-0"]
[WhiteElo "1390"]
[BlackElo "1862"]
[PlyCount "97"]
[EventDate "2020.??.??"]

1. d4 f5 2. c4 Nf6 3. Qc2 g6 4. Nc3 Bg7 5. Nf3 O-O 6. Bf4 d6 7. e3 c6 8. Bd3
Qe8 9. O-O Nbd7 10. d5 Nc5 11. Be2 a5 12. Rfd1 Nfe4 13. Nxe4 Nxe4 14. h3 h6 15.
Nd2 Nf6 16. Nb1 g5 17. Bh2 Ne4 18. Nc3 Qg6 19. Nxe4 fxe4 20. Rab1 Bf5 21. g4
Bd7 22. f3 cxd5 23. cxd5 Rac8 24. Qxe4 Qxe4 25. fxe4 a4 26. Rd2 h5 27. Rf1
Rxf1+ 28. Kxf1 Rc1+ 29. Kg2 hxg4 30. Bxg4 Bxg4 31. hxg4 Rb1 32. e5 Bxe5 33.
Bxe5 dxe5 34. Kf3 Rg1 35. Rc2 Rd1 36. Ke4 Rg1 37. Kf5 Rf1+ 38. Kxe5 Kf7 39. Rc7
Rf6 40. Rxb7 Ke8 41. Ra7 Rb6 42. Rxa4 Rxb2 43. Kf5 Rb5 44. e4 Kd7 45. Kxg5 e6
46. Rd4 Kd6 47. Kf6 e5 48. Rd2 Rb4 49. Re2 1-0

[Event "54th Ilmar Raud Memorial"]
[Site "Viljandi"]
[Date "2020.07.07"]
[Round "2.26"]
[White "Andrijashkin, Deniss"]
[Black "Raide, Sivert"]
[Result "1-0"]
[WhiteElo "1861"]
[BlackElo "1262"]
[PlyCount "130"]
[EventDate "2020.??.??"]

1. e4 d5 2. exd5 Nf6 3. Nf3 Bg4 4. h3 Bxf3 5. Qxf3 Qxd5 6. Qxd5 Nxd5 7. d4 Nc6
8. c3 O-O-O 9. Bb5 e6 10. O-O a6 11. Bd3 Bd6 12. Be4 Nce7 13. c4 Nf6 14. Bc2 c5
15. Be3 cxd4 16. Bxd4 Nc6 17. Bb6 Bc7 18. Bxc7 Kxc7 19. Na3 Nb4 20. Rfd1 Nd7
21. Kf1 Ne5 22. b3 g6 23. Ke2 Nec6 24. Ke3 e5 25. Bd3 Nxd3 26. Rxd3 Rxd3+ 27.
Kxd3 Rd8+ 28. Kc3 f5 29. Nc2 e4 30. Ne3 Rd3+ 31. Kc2 Nd4+ 32. Kc1 Kd6 33. Rb1
f4 34. Nc2 Kc5 (34... Rc3 35. Rb2 e3 36. fxe3 fxe3 37. Kb1 (37. Kd1 Rd3+ 38.
Ke1 Rd2) 37... Ke5) 35. Ne1 Ne2+ 36. Kc2 Kd4 37. Nxd3 exd3+ 38. Kd2 Nc3 39. Re1
(39. Rb2 Ne4+ 40. Kd1 Kc3 41. f3 Ng3 42. Rb1 Nf1 43. Rc1+ Kd4 44. Rb1 Kc3 (
44... Ne3+ 45. Kd2 Nxg2 46. c5 Nh4 47. Rf1 a5 48. a3 g5 49. b4 axb4 50. axb4
Ng6 51. b5 Ne5 52. c6 bxc6 53. bxc6 Nxc6 54. Re1 Ne5 55. Re4+ Kd5 56. Ra4 Nxf3+
57. Kxd3 Ne5+ 58. Ke2 $11) 45. Rc1+ Kd4 46. Rb1) 39... Ne4+ 40. Rxe4+ Kxe4 41.
Kc3 g5 42. b4 h5 (42... d2 43. Kxd2 Kd4 44. b5 a5 45. Ke2 Kxc4 46. Kf3 Kxb5 47.
h4 h6 48. hxg5 hxg5 49. Kg4 Kb4 50. Kxg5 Ka3 51. Kxf4 Kxa2 52. g4 a4 (52... b5
$4 53. g5 b4 54. g6 b3 55. g7 b2 56. g8=Q+) 53. g5 Kb2 54. g6 a3 55. g7 a2 56.
g8=Q a1=Q 57. Qh8+ Kb1 58. Qxa1+ Kxa1 59. Ke4 b5 60. Kd4 Kb2 61. Kc5 (61. f4 b4
62. f5) 61... Kc3 62. Kxb5 Kd4 $11) 43. b5 axb5 44. cxb5 g4 45. hxg4 (45. Kd2
$3 gxh3 46. f3+ Kd4 47. gxh3 Kc4 48. b6 h4 49. a4 Kb4 50. Kxd3 Kxa4 51. Ke4 Kb5
52. Kxf4 Kxb6 53. Kg5 Kc7 54. f4 (54. Kg6 $4 b5 55. f4 (55. Kf5 Kd6 56. Ke4 Ke6
57. Kd4 Kf5 58. Kc5 Kf4 59. Kxb5 Kxf3 60. Kc4 Kg3 61. Kd3 Kxh3 62. Ke2 Kg2)
55... b4 56. f5 b3 57. f6 b2 58. f7 b1=Q+) (54. Kh6 b5 55. f4 Kd6 56. f5 b4 57.
f6 Ke6 58. Kg7 b3 59. f7 b2 60. f8=Q b1=Q) 54... Kd7 55. Kg6 Ke7 56. Kg7 Ke6
57. Kg6 Ke7 $11) 45... hxg4 (45... h4 $3 46. g5 f3 47. gxf3+ Kf5 $1) 46. Kd2
Kd4 47. b6 Kc4 48. Kd1 Kc3 49. Kc1 Kc4 50. Kd2 Kd4 51. Kd1 Kc3 52. Kc1 d2+ 53.
Kd1 Kd3 54. a4 Kc4 55. Kxd2 Kb4 56. Kd3 Kxa4 (56... f3 $3 57. g3 $1 (57. gxf3
gxf3 58. Ke3 Kxa4 59. Kxf3 Kb5 60. Ke4 Kxb6 61. Kd5 Kc7 62. Ke6 b5) 57... Ka5
$3 (57... Kxa4 58. Ke4 Kb5 59. Kf4 Kxb6 60. Kxg4 Kc5 61. Kxf3 Kd4 62. g4 b5 63.
g5 b4 64. Ke2 Kc3 65. Kd1 Kb2 66. g6 b3 67. g7) 58. Ke4 Kxb6 59. Kf4 Ka5 60.
Kxg4 Kxa4 61. Kxf3 b5 62. g4 b4) 57. Ke4 Kb5 58. Kxf4 Kxb6 59. Kxg4 Kc5 60. Kf4
b5 61. Ke3 Kc4 62. Kd2 Kb3 63. g4 Ka3 64. g5 b4 65. g6 b3 1-0

[Event "54th Ilmar Raud Memorial"]
[Site "Viljandi"]
[Date "2020.07.07"]
[Round "2.27"]
[White "Põvvat, Aalo"]
[Black "Ruus, Rein"]
[Result "0-1"]
[WhiteElo "1198"]
[BlackElo "1807"]
[PlyCount "98"]
[EventDate "2020.??.??"]

1. d4 Nf6 2. c4 g6 3. Nf3 Bg7 4. Nc3 d5 5. cxd5 Nxd5 6. e4 Nxc3 7. bxc3 c5 8.
Be3 Nc6 9. Rb1 O-O 10. Be2 cxd4 11. Nxd4 Qa5 12. O-O Qxc3 13. Rb3 Qa5 14. Nxc6
bxc6 15. Qc2 Be6 16. Rbb1 Qxa2 17. Qxa2 Bxa2 18. Rb7 a5 19. Rxe7 Rfe8 20. Ra7
Rxa7 21. Bxa7 a4 22. Bc5 Rxe4 23. Bf3 Rc4 24. Ba3 Rc3 25. Bb2 Rxf3 26. Bxg7 Rd3
27. Be5 Bb3 28. f4 c5 29. Rc1 c4 30. Kf1 f5 31. Kf2 Kf7 32. h4 a3 33. g3 a2 34.
Ba1 h5 35. Kg2 Ke6 36. Kf2 Kd6 37. Kg2 Kd5 38. Kf2 Bd1 39. Rc3 Rd2+ 40. Ke1 Rh2
41. Re3 Rh1+ 42. Kd2 Bb3 43. Re5+ Kd6 44. Re1 Rh3 45. Re3 Kc6 46. Re6+ Kc7 47.
Rxg6 Rh1 48. Be5+ Kb7 49. Bd4 a1=Q 0-1

[Event "54th Ilmar Raud Memorial"]
[Site "Viljandi"]
[Date "2020.07.07"]
[Round "2.28"]
[White "Blohhin, Sofia"]
[Black "Tolmacevs, Romans"]
[Result "1-0"]
[WhiteElo "1786"]
[BlackElo "1132"]
[PlyCount "33"]
[EventDate "2020.??.??"]

1. e4 c6 2. Nf3 d5 3. Nc3 e6 4. d4 Ne7 5. Bd3 Nd7 6. O-O Qb6 7. Rb1 h6 8. Re1
a6 9. h3 Nf6 10. e5 Nd7 11. b4 a5 12. b5 c5 13. Na4 Qc7 14. dxc5 Nb8 15. Nb6
Ra7 16. Nxd5 Qd8 17. b6 1-0